<?xml version="1.0" encoding="UTF-8"?>
<record
    xmlns:xsi="http://www.w3.org/2001/XMLSchema-instance"
    xsi:schemaLocation="http://www.loc.gov/MARC21/slim http://www.loc.gov/standards/marcxml/schema/MARC21slim.xsd"
    xmlns="http://www.loc.gov/MARC21/slim">

  <leader>01869nam a22002537a 4500</leader>
  <controlfield tag="003">DO-SdBNP</controlfield>
  <controlfield tag="005">20210514131459.0</controlfield>
  <controlfield tag="008">2018        dr|||| 00| 0 spa d</controlfield>
  <datafield tag="020" ind1=" " ind2=" ">
    <subfield code="a">9789945503456</subfield>
  </datafield>
  <datafield tag="040" ind1=" " ind2=" ">
    <subfield code="a">BPMSU</subfield>
    <subfield code="b">spa </subfield>
    <subfield code="c">BPMSU</subfield>
  </datafield>
  <datafield tag="082" ind1=" " ind2=" ">
    <subfield code="a">RD863.4408</subfield>
    <subfield code="b">N234c 2018</subfield>
    <subfield code="2">22</subfield>
  </datafield>
  <datafield tag="245" ind1="1" ind2="0">
    <subfield code="a">Narradores del Cibao 1828 -1924 /</subfield>
    <subfield code="c">Selecci&#xF3;n y Pr&#xF3;logo de Jos&#xE9; Enrique Garc&#xED;a /</subfield>
  </datafield>
  <datafield tag="260" ind1=" " ind2=" ">
    <subfield code="a">Santo Domingo :</subfield>
    <subfield code="b">Editora Nacional;</subfield>
    <subfield code="b">Ministerio de Cultura, </subfield>
    <subfield code="c">2018.</subfield>
  </datafield>
  <datafield tag="300" ind1=" " ind2=" ">
    <subfield code="a">222 p. ,</subfield>
    <subfield code="c">23 cm.</subfield>
  </datafield>
  <datafield tag="490" ind1="0" ind2=" ">
    <subfield code="a">Homenaje;</subfield>
    <subfield code="a">Narrativa</subfield>
  </datafield>
  <datafield tag="505" ind1="0" ind2=" ">
    <subfield code="a">-- indice -- Pr&#xF3;logo -- Jos&#xE9; Enrique Garc&#xED;a -- Pedro Francisco Bon&#xF3; (1828 - 1906 ) -- En el cant&#xF3;n de Bermejo -- Federico Garc&#xED;a Godoy (1828 - 1924 ) -- La cita -- Jos&#xE9; Ram&#xF3;n L&#xF3;pez (1866 - 1922 ) -- Al podre no lo llaman para cosa buena -- El general Fico -- Virginia Elena Ortea (1866 - 1903 ) -- La mala madrastra -- Ram&#xF3;n Emilio Jim&#xE9;nez ( 1866 -1970 ) -- un baecista con Lil&#xED;s -- Una comisi&#xF3;n de notable ante Lil&#xED;s -- Julio Vega Batle (1899 -1973 ) -- El pavo real -- El tren no Expreso -- August&#xED;n Ayban (1902 - 1956 ) Sor de moca --b Tom&#xE1;s Hern&#xE1;ndez Franco (1904 -1952 ) La &#xFA;ltima aventura de charlot -- Anselma y Malena -- Manuel del Cabral (1907 -1999 ) El antojo -- El centavo -- Juan Bosch ( 1909 - 2001 ) -- Guaraguaos -- La verdad -- Hilma  Contreras ( 1913- 2006 ) La Carnada -- La virgen del aljibe -- A&#xED;da Cartagena Portalat&#xED;a (1918 - 1994) -- La llamaban Aurora -- La fuerza aniquilada -- Manuel Rueda (1921 - 1999 ) De hombre y gallos -- Autobiograf&#xED;a -- Virgilio D&#xED;az Grull&#xF3;n (1924 -2001) -- Dos peso para Cirilo -- Un epitafio para don Justo.
</subfield>
  </datafield>
  <datafield tag="590" ind1=" " ind2=" ">
    <subfield code="6">inventariado, 2021/VM</subfield>
  </datafield>
  <datafield tag="650" ind1=" " ind2="4">
    <subfield code="a">Cuentos dominicanos </subfield>
  </datafield>
  <datafield tag="650" ind1=" " ind2="4">
    <subfield code="a">Literatura dominicana </subfield>
  </datafield>
  <datafield tag="650" ind1=" " ind2="4">
    <subfield code="a">Autores dominicanos</subfield>
    <subfield code="y">Siglo  XX</subfield>
  </datafield>
  <datafield tag="700" ind1="1" ind2=" ">
    <subfield code="a">Enrique Garc&#xED;a, Jos&#xE9; </subfield>
    <subfield code="e">comp. </subfield>
  </datafield>
  <datafield tag="910" ind1=" " ind2=" ">
    <subfield code="a">Mcabrera</subfield>
  </datafield>
  <datafield tag="942" ind1=" " ind2=" ">
    <subfield code="2">ddc</subfield>
    <subfield code="c">BK</subfield>
  </datafield>
  <datafield tag="952" ind1=" " ind2=" ">
    <subfield code="0">0</subfield>
    <subfield code="1">0</subfield>
    <subfield code="2">ddc</subfield>
    <subfield code="4">0</subfield>
    <subfield code="7">0</subfield>
    <subfield code="8">CD</subfield>
    <subfield code="a">BPMET</subfield>
    <subfield code="b">BPMET</subfield>
    <subfield code="d">2021-05-14</subfield>
    <subfield code="e">Editora Nacional </subfield>
    <subfield code="o">BPMDU CD RD863.4408 N234c 2018</subfield>
    <subfield code="p">BPMSU21050084</subfield>
    <subfield code="r">2021-05-14</subfield>
    <subfield code="w">2021-05-14</subfield>
    <subfield code="y">BK</subfield>
  </datafield>
  <datafield tag="952" ind1=" " ind2=" ">
    <subfield code="0">0</subfield>
    <subfield code="1">0</subfield>
    <subfield code="2">ddc</subfield>
    <subfield code="4">0</subfield>
    <subfield code="7">0</subfield>
    <subfield code="8">CD</subfield>
    <subfield code="a">BPMET</subfield>
    <subfield code="b">BPMET</subfield>
    <subfield code="d">2021-05-14</subfield>
    <subfield code="e">Editora Nacional </subfield>
    <subfield code="f"> </subfield>
    <subfield code="o">BPMDU CD RD863.4408 N234c 2018</subfield>
    <subfield code="p">BPMSU21050085</subfield>
    <subfield code="r">2021-05-14</subfield>
    <subfield code="t">e.2</subfield>
    <subfield code="w">2021-05-14</subfield>
    <subfield code="y">BK</subfield>
  </datafield>
  <datafield tag="952" ind1=" " ind2=" ">
    <subfield code="0">0</subfield>
    <subfield code="1">0</subfield>
    <subfield code="2">ddc</subfield>
    <subfield code="4">0</subfield>
    <subfield code="7">0</subfield>
    <subfield code="8">CD</subfield>
    <subfield code="a">BPMET</subfield>
    <subfield code="b">BPMET</subfield>
    <subfield code="d">2021-05-14</subfield>
    <subfield code="e">Editora Nacional </subfield>
    <subfield code="f"> </subfield>
    <subfield code="o">BPMDU CD RD863.4408 N234c 2018</subfield>
    <subfield code="p">BPMSU21050086</subfield>
    <subfield code="r">2021-05-14</subfield>
    <subfield code="t">e.3</subfield>
    <subfield code="w">2021-05-14</subfield>
    <subfield code="y">BK</subfield>
  </datafield>
  <datafield tag="999" ind1=" " ind2=" ">
    <subfield code="c">13497</subfield>
    <subfield code="d">13497</subfield>
  </datafield>
</record>
